000 00474nam a22001817a 4500
005 20260414113629.0
008 260414b |||||||| |||| 00| 0 eng d
020 _a9788120347465
050 _aQA 76.6 .B37 2024
_bC.7
100 _aBASU,S.K
245 _aDESIGN METHODS AND ANALYSIS OFALGORITHMS
250 _a2ND
260 _aDELHI
_bPUSHPITA GHOSI
_c2024
300 _a369P
500 _aINCLUDES BIBLIOGRAPHY AND INDEXS
700 _aBASU,S.K
942 _2lcc
_cBK
999 _c216944
_d216944